000 00312nam a22001337a 4500
008 170602b xxu||||| |||| 00| 0 eng d
020 _a9781567313475
041 _aeng
080 _a93
100 _a17
101 _aSHH
245 _aTHE COLUMBIA HISTORY OF WESTERN PHILOSOPHY
_cPOPKIN, R.H
942 _2udc
_cBK
999 _c15696
_d15696